Lineární algebra

Bibliographic Details
Main Author: Šmarda, Bohumil (Author)
Format: Book
Language:Undetermined
PhysicalDescription:159 s.
Published: Praha Státní pedagogické nakladatelství 1985

MARC

LEADER 00000nam a2200000 a 4500
001 vtls001374810
003 SK-MaSNL
005 20260416165158.0
008 240318s1985 xx 0 und
035 |a SNK000328701 
040 |a SNK  |b slo  |c SNK  |e AACR2 
100 1 |a Šmarda, Bohumil  |4 aut  |9 581895 
245 1 0 |a Lineární algebra 
260 |a Praha  |b Státní pedagogické nakladatelství  |c 1985 
300 |a 159 s. 
958 |a OND 
999 |c 894552  |d 896482 
952 |t P60, <04>, [BOOK], {604}  |a SNK  |b SNK  |y VYP  |7 0  |p 17A0213928  |o snkIB 55637 D1  |0 0  |1 1  |4 0  |d 1999-10-15  |l 0  |r 2005-01-02 00:00:00  |w 2026-02-24